Every WWE Intercontinental Champion since 2020 - Statistics

General Stats
  • This quiz has been taken 14 times
  • The average score is 15 of 19
Answer Stats
Date Won Date Lost Champion % Correct
Nov 10, 2025 Nov 29, 2025 John Cena
100%
Apr 20, 2025 Nov 10, 2025 Dominik Mysterio
92%
Nov 29, 2025 —— Dominik Mysterio
92%
Jun 10, 2022 Apr 6, 2024 Gunther
92%
Dec 25, 2020 Apr 11, 2021 Big E
85%
Aug 3, 2024 Sep 23, 2024 Bron Breakker
85%
Oct 21, 2024 Apr 20, 2025 Bron Breakker
85%
Sep 23, 2024 Oct 21, 2024 Jey Uso
85%
Mar 8, 2020 May 12, 2020 Sami Zayn
85%
Sep 27, 2020 Dec 25, 2020 Sami Zayn
85%
Feb 18, 2022 Mar 4, 2022 Sami Zayn
85%
Apr 6, 2024 Aug 3, 2024 Sami Zayn
85%
Jul 14, 2019 Jan 31, 2020 Shinsuke Nakamura
77%
Aug 13, 2021 Feb 18, 2022 Shinsuke Nakamura
77%
Mar 4, 2022 Jun 10, 2022 Ricochet
69%
Apr 11, 2021 Aug 13, 2021 Apollo Crews
62%
Aug 21, 2020 Sep 27, 2020 Jeff Hardy
62%
Jun 12, 2020 Aug 21, 2020 AJ Styles
54%
Jan 31, 2020 Mar 8, 2020 Braun Strowman
46%
No matching quizzes found
Score Distribution
Percent of People with Each Score
Percentile by Number Answered
Your Score History
You have not taken this quiz